000 01029nam a2200277Ia 4500
003 OSt
005 20220923211238.0
006 a|||||r|||| 00| 0
007 ta
008 220922b |||||||| |||| 00| 0 san d
020 _a9788174533586 (hbk)
_c750
024 _a348,746
037 _b239, 16/01/2019, Eastern Book Linkers
_cTextual
040 _aARTS
_cARTS
_bsan
041 _2san
_asan
082 _aO15,2NVE:g, 152Q8
100 _aअंजू, ले.
_9159534
245 0 _aसंस्कृत साहित्य और कुलशेखर वर्मा
246 _aSanskṛut sāhitya aur kulashekhar varmā
260 _aनयी दिल्ली
_b संजय प्रकाशन
_c2018
300 _a232पृ0
_ccm.
650 _a संस्कृत नाटक
_9160015
650 _aसंस्कृत साहित्य
942 _hO15,2NVE:g, 152Q8
_cTEXL
_2CC
999 _c297589
_d297589